All Countries on a Clickable Map - Statistics

General Stats
  • This quiz has been taken 717 times
  • The average score is 89 of 196
Answers on the Map
Answers color-coded by a green-red scale on the quiz's map according to % correct below.
 
Answer Stats
Answer % Correct
Chile
74%
Australia
66%
Brazil
65%
Afghanistan
64%
Algeria
62%
Argentina
62%
Canada
62%
Iran
62%
China
61%
United States
61%
Malta
60%
Netherlands
60%
United Kingdom
60%
Mexico
59%
Russia
59%
Cameroon
57%
Egypt
57%
India
57%
Indonesia
57%
Angola
56%
Bahamas
56%
Denmark
56%
Germany
56%
Spain
56%
Bangladesh
55%
Belarus
55%
Bolivia
55%
Finland
55%
Iceland
55%
Italy
55%
Japan
55%
Madagascar
55%
Portugal
55%
Saudi Arabia
55%
South Africa
55%
South Sudan
55%
Austria
54%
France
54%
Ireland
54%
South Korea
54%
Sri Lanka
54%
Turkey
54%
Ukraine
54%
Belgium
53%
Colombia
53%
Greece
53%
Kazakhstan
53%
Morocco
53%
Venezuela
53%
Vietnam
53%
Cuba
52%
Ecuador
52%
Pakistan
52%
Poland
52%
Chad
51%
Ethiopia
51%
Mongolia
51%
New Zealand
51%
North Korea
51%
Paraguay
51%
Peru
51%
Philippines
51%
Somalia
51%
Sudan
51%
Sweden
51%
Taiwan
51%
Estonia
50%
Hungary
50%
Laos
50%
Norway
50%
Switzerland
50%
Thailand
50%
Albania
49%
Cambodia
49%
Libya
49%
Nepal
49%
Panama
49%
Papua New Guinea
49%
Suriname
49%
Tunisia
49%
Azerbaijan
48%
Bhutan
48%
Bosnia and Herzegovina
48%
Botswana
48%
Bulgaria
48%
Cape Verde
48%
Croatia
48%
Czech Republic
48%
Guyana
48%
Iraq
48%
Kenya
48%
Mali
48%
Niger
48%
Oman
48%
United Arab Emirates
48%
Uruguay
48%
Central African Republic
47%
Costa Rica
47%
Cyprus
47%
East Timor
47%
Malaysia
47%
Nigeria
47%
Romania
47%
Zimbabwe
47%
Armenia
46%
Haiti
46%
Israel
46%
Jordan
46%
Lithuania
46%
Mozambique
46%
Myanmar
46%
Nicaragua
46%
Democratic Republic of the Congo
45%
Dominican Republic
45%
Latvia
45%
Maldives
45%
Moldova
45%
Namibia
45%
Uganda
45%
Yemen
45%
Benin
44%
Burkina Faso
44%
Djibouti
44%
Eritrea
44%
Jamaica
44%
Kyrgyzstan
44%
Lesotho
44%
Mauritania
44%
Senegal
44%
Slovenia
44%
Syria
44%
Tajikistan
44%
Tanzania
44%
Guatemala
43%
Ivory Coast
43%
Kosovo
43%
North Macedonia
43%
Serbia
43%
Zambia
43%
Belize
42%
Comoros
42%
Eswatini
42%
Georgia
42%
Montenegro
42%
São Tomé and Príncipe
42%
Slovakia
42%
Burundi
41%
Equatorial Guinea
41%
Kiribati
41%
Liberia
41%
Mauritius
41%
Togo
41%
Ghana
40%
Luxembourg
40%
Malawi
40%
Rwanda
40%
Turkmenistan
40%
Uzbekistan
40%
El Salvador
39%
Gabon
39%
Seychelles
39%
Honduras
38%
Kuwait
38%
Lebanon
38%
Qatar
38%
Guinea-Bissau
37%
Republic of the Congo
37%
Sierra Leone
37%
Guinea
35%
Federated States of Micronesia
33%
Solomon Islands
33%
Andorra
31%
Fiji
31%
Gambia
31%
Trinidad and Tobago
31%
Brunei
27%
Marshall Islands
27%
Nauru
27%
Palau
27%
Bahrain
26%
Vanuatu
26%
Samoa
25%
Singapore
25%
Tonga
23%
Liechtenstein
22%
San Marino
22%
Tuvalu
21%
Monaco
20%
Vatican City
19%
Barbados
18%
Antigua and Barbuda
15%
Dominica
12%
Grenada
12%
Saint Kitts and Nevis
11%
Saint Lucia
10%
Saint Vincent and the Grenadines
10%
No matching quizzes found
Score Distribution
Percent of People with Each Score
Percentile by Number Answered
Your Score History
You have not taken this quiz